गणिती (Record no. 309956)

MARC details
000 -LEADER
fixed length control field 00346pam a2200121a 44500
008 - FIXED-LENGTH DATA ELEMENTS--GENERAL INFORMATION
fixed length control field 230405s2022 xxu||||| |||| 00| 0 eng d
041 ## - LANGUAGE CODE
Language code of text/sound track or separate title ENG
100 ## - MAIN ENTRY--PERSONAL NAME
Personal name अच्युत गोडबोले माधुरी ठाकूर
245 ## - TITLE STATEMENT
Title गणिती
260 ## - PUBLICATION, DISTRIBUTION, ETC.
Place of publication, distribution, etc. Pune
Name of publisher, distributor, etc. Manovikas Publication
Date of publication, distribution, etc. 2022
300 ## - PHYSICAL DESCRIPTION
Extent 470
906 ## - LOCAL DATA ELEMENT F, LDF (RLIN)
a 19458
Holdings
Withdrawn status Lost status Damaged status Not for loan Collection Home library Current library Shelving location Date acquired Source of acquisition Cost, normal purchase price Total Checkouts Barcode Date last seen Price effective from Koha item type
          Matoshri Bayabai Shripatrao Kadam Kanya Mahavidyalaya, Kadegaon, Sangli Matoshri Bayabai Shripatrao Kadam Kanya Mahavidyalaya, Kadegaon, Sangli   18/04/2023 Bharati Sahkari Grahak Bhandar 330.00   KVK-S14926 18/04/2023 18/04/2023 Book